|
|
|
|
| LEADER |
00958nam a2200241 a 4500 |
| 001 |
4413516 |
| 008 |
100420r19991993nyua b 001 0 eng d |
| 010 |
|
|
|a 93005123
|
| 020 |
|
|
|a 0140156038
|
| 020 |
|
|
|a 0195087321 (acid-free paper)
|
| 040 |
|
|
|a DLC
|c DLC
|d DLC
|d BD-DhAAL
|
| 082 |
0 |
0 |
|a 302.3/5
|2 20
|
| 100 |
1 |
|
|a Handy, Charles B.
|
| 245 |
1 |
0 |
|a Understanding organizations /
|c Charles Handy.
|
| 260 |
|
|
|a New York :
|b Oxford University Press, ;
|a London :
|b Penguin Books,
|c 1993.[Reprinted 1999]
|
| 300 |
|
|
|a 445 p. :
|b ill. ;
|c 25 cm.
|
| 500 |
|
|
|a Previously published: New York : Facts on File, 1986.
|
| 504 |
|
|
|a Includes bibliographical references and index.
|
| 541 |
1 |
|
|e 00009876
|
| 650 |
|
0 |
|a Organizational behavior.
|
| 852 |
4 |
|
|a Ayesha Abed Library
|j General shelf
|
| 999 |
|
|
|c 8191
|d 8191
|
| 952 |
|
|
|0 0
|1 0
|2 ddc
|4 0
|6 302_350000000000000_HAN_1999
|7 0
|9 9354
|a BRACUL
|b BRACUL
|c GEN
|d 2010-04-21
|l 1
|o 302.35 HAN
|p 3010009876
|r 2010-05-16
|s 2010-05-03
|t 1
|w 2010-04-21
|y BK
|